Govt. of
Madhya Pradesh

History of Indian Museums (Record no. 15504)

MARC details
000 -LEADER
fixed length control field 003470000a22001570004500
001 - CONTROL NUMBER
control field 003606
003 - CONTROL NUMBER IDENTIFIER
control field MACL
040 ## - CATALOGING SOURCE
Original cataloging agency MACL
090 ## - LOCALLY ASSIGNED LC-TYPE CALL NUMBER (OCLC); LOCAL CALL NUMBER (RLIN)
-- 15599
-- 15598
100 ## - MAIN ENTRY--PERSONAL NAME
Personal name Chakrabarty, Mahua
245 ## - TITLE STATEMENT
Title History of Indian Museums
Statement of responsibility, etc. Mahua Chakrabarty
260 ## - PUBLICATION, DISTRIBUTION, ETC. (IMPRINT)
Place of publication, distribution, etc. Classique Books,
Date of publication, distribution, etc. 2004
350 ## - PRICE (NR) (BK AM CF MU VM SE) [OBSOLETE]
Price 400
650 ## - SUBJECT ADDED ENTRY--TOPICAL TERM
Topical term or geographic name as entry element Museology
942 ## - ADDED ENTRY ELEMENTS (KOHA)
Call number prefix 70
Koha item type Library Membar
Holdings
Withdrawn status Lost status Source of classification or shelving scheme Damaged status Not for loan Home library Current library Date acquired Cost, normal purchase price Total Checkouts Full call number Barcode Date last seen Uniform Resource Identifier Price effective from Koha item type
          MACL MACL 15/04/2015 400.00   069.9 CHA-54 CRE017792 02/05/2024 15401 15/04/2015 Books